| 000 | 00886nam a2200241Ia 4500 | ||
|---|---|---|---|
| 003 | IN-BaIIA | ||
| 008 | 211028s9999 xx 000 0 eng d | ||
| 020 | _a0-521-75577-8 | ||
| 040 | _cIIA Library | ||
| 080 |
_a524.77 _bCLU |
||
| 245 | 0 |
_aClusters of galaxies _bprobes of cosmological structure and galaxy evolution _cedited by John S. Mulchaey, Alan Dressler and Augustus Oemler |
|
| 260 |
_aCambridge _bCambridge University Press _c2004 |
||
| 300 | _axv, 381p. | ||
| 490 | _aCarnegie observatories astrophysics series; v. 3 | ||
| 650 |
_aCosmological structure _929427 |
||
| 650 |
_aGalaxy clustering _921215 |
||
| 650 |
_aGalaxy distribution _93369 |
||
| 650 |
_aGalaxy evolution _96225 |
||
| 700 |
_aDressler, Alan, ed. _929428 |
||
| 700 |
_aMulchaey, John S., ed. _929429 |
||
| 700 |
_aOemler, Augustus, ed. _929430 |
||
| 942 | _cBK | ||
| 999 |
_c15940 _d15940 |
||